Detalles MARC
| 000 -LEADER |
| fixed length control field |
02498nam a2200457Ii 4500 |
| 001 - CONTROL NUMBER |
| control field |
DIGMOR0012 |
| 003 - CONTROL NUMBER IDENTIFIER |
| control field |
NyNyDIG |
| 008 - FIXED-LENGTH DATA ELEMENTS--GENERAL INFORMATION |
| fixed length control field |
140601s2008 sp ob 000 0 spa d |
| 006 - FIXED-LENGTH DATA ELEMENTS--ADDITIONAL MATERIAL CHARACTERISTICS |
| fixed length control field |
m o d |
| 007 - PHYSICAL DESCRIPTION FIXED FIELD--GENERAL INFORMATION |
| fixed length control field |
cr ||||||||||| |
| 020 ## - INTERNATIONAL STANDARD BOOK NUMBER |
| International Standard Book Number |
9788471125675 |
| Qualifying information |
(eBook) |
| 020 ## - INTERNATIONAL STANDARD BOOK NUMBER |
| Canceled/invalid ISBN |
8471125285 |
| 020 ## - INTERNATIONAL STANDARD BOOK NUMBER |
| Canceled/invalid ISBN |
9788471125286 |
| 035 ## - SYSTEM CONTROL NUMBER |
| System control number |
(OCoLC)891306122 |
| 043 ## - GEOGRAPHIC AREA CODE |
| Geographic area code |
e-sp--- |
| 040 ## - CATALOGING SOURCE |
| Original cataloging agency |
DGITA |
| Language of cataloging |
eng |
| Description conventions |
rda |
| -- |
pn |
| Transcribing agency |
DGITA |
| 050 14 - LIBRARY OF CONGRESS CALL NUMBER |
| Classification number |
LC1031 eBook |
| 100 1# - MAIN ENTRY--PERSONAL NAME |
| Personal name |
Pérez Gómez, Angel I. |
| Relator term |
author. |
| 245 00 - TITLE STATEMENT |
| Title |
Educar por competencias |
| Remainder of title |
¿qué hay de nuevo? / |
| Statement of responsibility, etc. |
[Compilador] José Gimeno Sacristán; [autores] José Gimeno Sacristán, Ángel I. Pérez Gómez [and 4 others]. |
| 264 #1 - PRODUCTION, PUBLICATION, DISTRIBUTION, MANUFACTURE, AND COPYRIGHT NOTICE |
| Place of production, publication, distribution, manufacture |
Madrid : |
| Name of producer, publisher, distributor, manufacturer |
Ediciones Morata, |
| Date of production, publication, distribution, manufacture, or copyright notice |
2008. |
| 300 ## - PHYSICAL DESCRIPTION |
| Extent |
1 online resource (233 pages) : |
| Other physical details |
illustrations. |
| 336 ## - CONTENT TYPE |
| Content type term |
text |
| Content type code |
txt |
| Source |
rdacontent |
| 337 ## - MEDIA TYPE |
| Media type term |
computer |
| Media type code |
c |
| Source |
rdamedia |
| 338 ## - CARRIER TYPE |
| Carrier type term |
online resource |
| Carrier type code |
cr |
| Source |
rdacarrier |
| 490 1# - SERIES STATEMENT |
| Series statement |
Colección Pedagogía. Manuales |
| 504 ## - BIBLIOGRAPHY, ETC. NOTE |
| Bibliography, etc. note |
Includes bibliographical references. |
| 505 0# - FORMATTED CONTENTS NOTE |
| Formatted contents note |
I. Diez tesis sobre la aparente utilidad de las competencias en educación / José Gimeno Sacristán -- II. ¿Competencias o pensamiento práctico? La construcción de los significados de representación y de acción / Ángel I. Pérez Gómez -- III. La ciudadanía se convierte en competencia: Avances y retrocesos /Juan Bautista Martínez Rodríguez -- IV. Obviando el debate sobre la cultura en el sistema educativo: Cómo ser competentes sin conocimientos / Jurjo Torres Santomé -- V. La voluntad de distracción: Las competencias en la universidad / J. Félix Angulo Rasco -- VI. Evaluar el aprendizaje en una enseñanza centrada en competencias / Juan Manuel Álvarez Méndez. |
| 588 0# - SOURCE OF DESCRIPTION NOTE |
| Source of description note |
Online resource; title from ePub and PDF title page (Digitalia, viewed June 2, 2014) |
| 650 #0 - SUBJECT ADDED ENTRY--TOPICAL TERM |
| Topical term or geographic name entry element |
Competency-based education |
| General subdivision |
Curricula |
| Geographic subdivision |
Spain. |
| 650 #0 - SUBJECT ADDED ENTRY--TOPICAL TERM |
| Topical term or geographic name entry element |
Educational change |
| Geographic subdivision |
Spain. |
| 650 #0 - SUBJECT ADDED ENTRY--TOPICAL TERM |
| Topical term or geographic name entry element |
Education |
| General subdivision |
Social aspects |
| Geographic subdivision |
Spain. |
| 655 #0 - INDEX TERM--GENRE/FORM |
| Genre/form data or focus term |
Electronic books. |
| 700 1# - ADDED ENTRY--PERSONAL NAME |
| Personal name |
Gimeno Sacristán, José, |
| Dates associated with a name |
1947- |
| Relator term |
editor. |
| 776 08 - ADDITIONAL PHYSICAL FORM ENTRY |
| Relationship information |
Print version: |
| Title |
Educar por competencias. |
| Place, publisher, and date of publication |
Madrid : Ediciones Morata, c2008 |
| International Standard Book Number |
9788471125286 |
| Record control number |
(OCoLC)421016779 |
| 793 0# - |
| -- |
Digitalia eBook Collection: |
| -- |
Ediciones Morata. |
| 791 2# - |
| -- |
Digitalia (Firm) |
| -- |
publisher. |
| 830 #0 - SERIES ADDED ENTRY--UNIFORM TITLE |
| Uniform title |
Colección Pedagogía (Ediciones Morata). |
| Name of part/section of a work |
Manuales. |
| 856 40 - ELECTRONIC LOCATION AND ACCESS |
| Materials specified |
Digitalia Hispánica |
| Uniform Resource Identifier |
<a href="https://www.digitaliapublishing.com/a/1444/">https://www.digitaliapublishing.com/a/1444/</a> |
| 910 ## - USER-OPTION DATA (OCLC) |
| User-option data |
Premium Collection: 2013 |
| 942 ## - ADDED ENTRY ELEMENTS (KOHA) |
| Koha item type |
Recurso Electrónico |